00748nam a22002057a 450000500170000001000150001702000270003203500140005903700130007308200100008610000220009624500970011826000400021527000440025530000260029950000500032594200240037599900190039995201240041820161128161240.0 aENG-116685 a9788184845518c1380.00 aEN-100217 bDBAD/PUB a341.7 aMurugan,Annamalai aInternational regime of environmental law /cby Annamalai Muruganbcontemporary relevance / aNew DelhibRegal Publicationsc2016 aF-159 Rajouri GardenbNew Delhie110027 axvii,315p. c23cm(Hb) aIncludes bibliographical references and index 2ddccENh341.7mMUR c104803d104803 001040718NFICaDBADbBNd2016-11-28eDBAD/PUBg1380.00l0o341.7 MURpEN-100217r2016-11-28 00:00:00t1v1380.00yEN